Pediatrics in developing countries / (Record no. 134500)

MARC details
000 -LEADER
fixed length control field 00767nam a22002417a 4500
005 - DATE AND TIME OF LATEST TRANSACTION
control field 20170124110227.0
010 ## - LIBRARY OF CONGRESS CONTROL NUMBER
LC control number B-045722
020 ## - INTERNATIONAL STANDARD BOOK NUMBER
Terms of availability 20.00
035 ## - SYSTEM CONTROL NUMBER
System control number B-045722
037 ## - SOURCE OF ACQUISITION
Source of stock number/acquisition Cen Lib/Ret
040 ## - CATALOGING SOURCE
Original cataloging agency DPL
Language of cataloging EN
082 ## - DEWEY DECIMAL CLASSIFICATION NUMBER
Classification number 618.92
Item number ACH
100 ## - MAIN ENTRY--PERSONAL NAME
Personal name Achar, S. T.
9 (RLIN) 40895
245 ## - TITLE STATEMENT
Title Pediatrics in developing countries /
Statement of responsibility, etc by S. T. Achar; edited by J. Viswanathan
260 ## - PUBLICATION, DISTRIBUTION, ETC. (IMPRINT)
Name of publisher, distributor, etc Orient Longman
Place of publication, distribution, etc Madras
Date of publication, distribution, etc 1973
270 ## - ADDRESS
City Madras
Address 36A Anna Salai
Postal code 600002
300 ## - PHYSICAL DESCRIPTION
Extent xvii,688p. :
Dimensions 24cm(Hb)
Other physical details ill.
500 ## - GENERAL NOTE
General note Includes bibliographical references and index<br/>
650 ## - SUBJECT ADDED ENTRY--TOPICAL TERM
Topical term or geographic name as entry element Pediatrics -- Developing countries
9 (RLIN) 40896
650 ## - SUBJECT ADDED ENTRY--TOPICAL TERM
Topical term or geographic name as entry element Pediatrics -- India
9 (RLIN) 40897
700 ## - ADDED ENTRY--PERSONAL NAME
Personal name Viswanathan, J.
9 (RLIN) 40898
942 ## - ADDED ENTRY ELEMENTS (KOHA)
Source of classification or shelving scheme Dewey Decimal Classification
Koha item type English Books
Classification part 709.03
Call number suffix SCH
Holdings
Withdrawn status Lost status Damaged status Not for loan Collection code Home library Current library Date acquired Source of acquisition Cost, normal purchase price Total Checkouts Full call number Barcode Date last seen Copy number Cost, replacement price Price effective from Koha item type
      Not For Loan Reference Central Library Central Library 30/07/2015 Cen Lib/Ret 20.00   618.92 ACH B-045722 30/07/2015 1 20.00 30/07/2015 English Books

© Delhi Public Library
Hit Counter
free hit counter